Požárně bezpečnostní zařízení /

Na minha lista:
Detalhes bibliográficos
Autor principal: Bebčák, Petr (Author)
Formato: Livro
Idioma:tcheco
Publicado em: Ostrava SPBI 2004
Edição:2. rozšír. vyd.
Colecção:Spektrum 17.
Tags: Adicionar Tag
Sem tags, seja o primeiro a adicionar uma tag!

MARC

LEADER 00000nam a22000003a 4500
001 0029376
003 SK-STU
005 20171222080533.1
007 ta
008 171222s ----xo-----e------000-0-----d
020 |a 978-80-86634-34-0 
040 |a STU  |b slo 
041 0 |a cze 
044 |a xr 
100 1 |a Bebčák, Petr  |4 aut 
245 1 0 |a Požárně bezpečnostní zařízení /  |c aut. Petr Bebčák 
250 |a 2. rozšír. vyd. 
260 |a Ostrava  |b SPBI  |c 2004 
300 |a 112 s. 
490 0 |a Spektrum  |v 17. 
996 |b 284M087451  |c M* 14011-1  |l MMKN  |s A  |a 24  |w 0029376_0001